| 000 | 00966nam a2200289Ia 4500 | ||
|---|---|---|---|
| 001 | 16386 | ||
| 003 | GE_BSU | ||
| 008 | 181216s||||||||xx |||||||||||||| ||und|| | ||
| 020 | _aISBN: 978-9941-22-244-3 | ||
| 040 | _cGE_BSU | ||
| 080 | _a811.353.1'342(075.8) | ||
| 100 | _aფეიქრიშვილი,ჟუჟუნა | ||
| 245 | _aქართული ენა | ||
| 245 | _bფონეტიკა,მორფოლოგია:[სახელმძღვ.] | ||
| 245 | _cრედ.:დამანა მელიქიშვილი | ||
| 260 | _aთბილისი | ||
| 260 | _bუნივერსალი | ||
| 260 | _c2014 | ||
| 300 | _a290გვ.20სმ. | ||
| 300 | _eბიბლიოგრ.:გვ.276-277. | ||
| 541 | _h26ლ | ||
| 653 | _aგრამატიკა | ||
| 653 | _aმორფოლოგია | ||
| 653 | _aფონეტიკა | ||
| 653 | _aქართული ენა | ||
| 942 | _cBK | ||
| 999 |
_c49462 _d49462 |
||